000 00378cam a2200157ua 4500
041 _aeng
_h
082 _a828.09
_bQUI/SW
100 _aQuintana, Ricardo .
245 _aSwift /
_cRicardo Quintana.
_hTextual Documents
250 _a1 /
_b.
260 _aLondon :
_bOxford University Press ,
_c1962.
300 _a204 ; .
504 _a
942 _cBK
999 _c6925
_d6925